MARC

LEADER 00000nam0a2200000 4500
001 46829
005 20231101211041.0
035 |a (RuTPU)RU\TPU\book\48886 
090 |a 46829 
100 |a 20030128d1975 km y0rusy50 ca 
101 1 |a rus  |c eng 
102 |a RU 
105 |a a z 001zy 
200 1 |a Ионы и ионные пары в органических реакциях  |e пер. с англ.  |f Под ред. И. П. Белецкой; Пер. М. Г. Гольдфельда, З. П. Грибовой 
210 |a Москва  |c Мир  |d 1975 
215 |a 424 с.  |c черт. 
320 |a Списки лит. в конце глав 
320 |a Предм. указ.: с. 411-419 
606 1 |a Ионы  |x (органическая химия)  |2 stltpush  |3 (RuTPU)RU\TPU\subj\75731  |9 87376 
610 1 |a органические реакции 
610 1 |a ионные пары 
610 1 |a спектральное исследование 
610 1 |a электромагнитный резонанс 
610 1 |a ядерный магнитный резонанс 
610 1 |a ЯМР-томография 
610 1 |a парамагнитный резонанс 
675 |a 547-1  |v 3 
702 1 |a Белецкая  |b И. П.  |g Ирина Петровна  |4 340 
702 1 |a Гольдфельд  |b М. Г.  |4 730 
702 1 |a Грибова  |b З. П.  |4 730 
801 1 |a RU  |b 63413507  |c 20030128  |g PSBO 
801 2 |a RU  |b 63413507  |c 20161108  |g PSBO 
942 |c BK